LEADER 01447nam--2200385---450- 001 990005945480203316 005 20140710153105.0 010 $a978-92-9241-320-0 035 $a000594548 035 $aUSA01000594548 035 $a(ALEPH)000594548USA01 035 $a000594548 100 $a20140429d2013----km-y0itaa50------ba 101 0 $aita 102 $aLU 105 $a||||||||001yy 200 1 $a<> Fondo europeo di adeguamento alla globalizzazione ha fornito un valore aggiunto UE nel reinserimento dei lavoratori in esubero?$fCorte dei conti europea 210 $aLussemburgo$cUfficio delle pubblicazioni dell'Unione europea$d2013 215 $a38 p.$cill.$d30 cm 225 2 $aRelazione speciale$v7 410 0$12001$aRelazione speciale 606 0 $aOccupazione$yPaesi dell'Unione europea$2BNCF 676 $a331.1377094 699 $a13.01$bPolitiche per l'occupazione 710 02$aCorte dei conti europea$0541549 801 0$aIT$bsalbc$gISBD 856 4 $uhttp://dx.publications.europa.eu/10.2865/93528$4.$zAccesso libero online 912 $a990005945480203316 951 $aCDE 13.01 (LXII)$bCDE 2999$cCDE 13.01 959 $aBK 969 $aCDE 979 $aMARIAS$b90$c20140429$lUSA01$h1328 979 $aMARIAS$b90$c20140710$lUSA01$h1531 996 $aFondo europeo di adeguamento alla globalizzazione ha fornito un valore aggiunto UE nel reinserimento dei lavoratori in esubero$91072169 997 $aUNISA LEADER 01332nam a22002651i 4500 001 991000688259707536 005 20040126150527.0 008 040220s1988 it |||||||||||||||||ita 035 $ab12655594-39ule_inst 035 $aARCHE-065393$9ExL 040 $aDip.to Scienze pedagogiche$bita$cA.t.i. Arché s.c.r.l. Pandora Sicilia s.r.l. 082 04$a361.3071 111 2 $aSeminario di studi Professioni sociali e università$d<1986 ;$cRoma>$0482666 245 10$aProfessioni sociali e università :$batti del Seminario di studi organizzato dal Ministero dell'interno d'intesa con il Ministero della pubblica istruzione : Roma, Residenza di Ripetta, 6-8 novembre 1986 260 $aRoma :$bMinistero dell'interno, Direzione generale dei servizi civili,$c1988 300 $a288 p. ;$c24 cm 500 $aIn testa al front.: Ministero dell'interno, Direzione generale dei servizi civili 650 4$aOperatori sociali$xIstruzione professionale 710 1 $aItalia :$bDirezione generale dei servizi civili 907 $a.b12655594$b02-04-14$c17-03-04 912 $a991000688259707536 945 $aLE022 MP 65 L 43$g1$i2022000033619$lle022$o-$pE0.00$q-$rl$s- $t0$u0$v0$w0$x0$y.i13161969$z17-03-04 996 $aProfessioni sociali e università$9275004 997 $aUNISALENTO 998 $ale022$b17-03-04$cm$da $e-$fita$git $h0$i1